000 00622nam a2200181 a 4500
001 3764
005 20140414132004.0
008 061012s19uu xx 00 eng d
020 _a0-8013-0320-6
050 _aTR 372.87
_bB706 1990
100 _aBoyer-White, Rene
245 _aMusic fundamentals, methods, and materials for the elementary classroom teacher /
_cMichon Rozmajzl ; Rene Boyer-White.
260 _aWhite Plains, NY :
_bLongman,
_c1990.
300 _a334 p. : ill. ; cm.
500 _aIncludes bibliograhical references.
650 _aSchool music
_xInstruction and study
_xUnited States.
999 _c113147
_d113147